000 00376nam a22001337a 4500
082 _a620.1124
_bBAL
_cL-36, P-13
100 _aA.S.T.M
_940881
245 _aResidual stresses in metals
260 _aUSA
_bAmerican society for testing Materials
_c1949
300 _a45 p. :
_bill. :
_c6 Cm
526 _a0
_b0
_c0
_d620_112400000000000_BAL
650 _aMCE
_9379
942 _2ddc
_cBK
999 _c545317
_d545317